000 00393pab a2200169 454500
008 180718b2012 xxu||||| |||| 00| 0 eng d
100 _aMukherjee, Dhurjati
245 _aRural roads: Faster connectivity for growth
260 _c2012
300 _ap.25-27.
362 _aOct
650 _aRural development
650 _aRoads
773 _aKurukshetra
908 _aN
909 _a97967
999 _c97966
_d97966